| 000 | 00766cam a22002532 4500 | ||
|---|---|---|---|
| 999 |
_c17779 _d17779 |
||
| 001 | 0000021058 | ||
| 003 | OSt | ||
| 005 | 20190627161131.0 | ||
| 008 | 120110s xx 000 0 eng d | ||
| 020 | _a1260565737 : | ||
| 040 |
_aKABU _cKABU |
||
| 050 |
_aHD31 _b.J66 2020 c. 1 |
||
| 100 | 1 | _aJones, Gareth R. | |
| 245 | 1 | 0 |
_aContemporary management / _cGareth R. Jones |
| 250 | _a11th ed. | ||
| 260 |
_aNew York : _bDiscovery Publishing, _c2020. |
||
| 300 | _a3 vol. (various paging) | ||
| 650 | 0 | _aManagement. | |
| 700 | _aGeorge, Jennifer M. | ||
| 908 | _a120110 | ||
| 942 |
_2lcc _cBK _e11th ed. _hHD31 |
||